[Event "Agneaux St Lo op"]
[Site "Agneaux"]
[Date "2022.07.13"]
[Round "7"]
[White "Hudyma Jez, Vincent"]
[Black "Dereux, Nino"]
[Result "1-0"]
[WhiteElo "1099"]
[BlackElo "1099"]
[PlyCount "105"]
[EventDate "2022.07.09"]
[EventType "swiss"]
[EventRounds "9"]
[EventCountry "FRA"]
[SourceTitle "EXT 2023"]
[Source "ChessBase"]
[SourceDate "2022.10.05"]
[SourceVersion "1"]
[SourceVersionDate "2022.10.05"]
[SourceQuality "1"]

1. e4 c6 2. Nf3 d5 3. exd5 cxd5 4. d4 Nf6 5. Nc3 Bg4 6. Bf4 e6 7. Nb5 Na6 8. h3 Bxf3 9. Qxf3 Qa5+ 10. Nc3 Bb4 11. Be2 Bxc3+ 12. bxc3 0-0 13. 0-0 Rac8 14. c4 Qa4 15. cxd5 Nxd5 16. c4 Nxf4 17. Qxf4 Qc2 18. Rfe1 Nb4 19. Bf3 Qxc4 20. Bxb7 Rc7 21. Rec1 Nc2 22. Ba6 Qxa6 23. Qxc7 Nb4 24. Rc4 Nd3 25. Qc6 Qa5 26. Qc8 Qf5 27. Rf1 h6 28. Qa6 Rb8 29. Rc3 Nf4 30. Rf3 Qg5 31. Rg3 Qf6 32. Qxa7 Rf8 33. Kh1 Ne2 34. Rf3 Qxd4 35. Qxd4 Nxd4 36. Rd3 Nc2 37. a4 Ra8 38. Rc3 Nb4 39. Ra1 Nd5 40. Rc5 Nf4 41. a5 Nd3 42. Rc3 Nxf2+ 43. Kh2 Ne4 44. Rb3 Nc5 45. Rb5 Ne4 46. a6 Nc3 47. Rb3 Ne2 48. a7 Nf4 49. Rb8+ Rxb8 50. axb8Q+ Kh7 51. Qxf4 g5 52. Qxf7+ Kh8 53. Ra8# 1-0